El libro de la naturaleza 9º egb /
Guardado en:
| Autor Principal: | |
|---|---|
| Otros Autores: | , , |
| Formato: | Libro |
| Publicado: |
Buenos Aires :
Estrada,
1999
|
| Materias: | |
| Etiquetas: |
Agregar Etiqueta
Sin Etiquetas, Sea el primero en etiquetar este registro!
|
| LEADER | 02289nam a22002655a 4500 | ||
|---|---|---|---|
| 001 | CEM.cems009967 | ||
| 005 | 20080701101258.0 | ||
| 008 | 130507s1999##################000#0#####d | ||
| 003 | CEMS | ||
| 020 | |a 9500107252 | ||
| 082 | 0 | 4 | |a 574 |
| 100 | 1 | |a Frid, Débora | |
| 245 | 1 | 0 | |a El libro de la naturaleza 9º egb / |c Debóra Frid ... [et Al.] |
| 260 | |a Buenos Aires : |b Estrada, |c 1999 | ||
| 300 | |a 375 p. | ||
| 500 | |a Para nivel Educación General Básica | ||
| 505 | 0 | |a La tierra, el planeta en que vivimos -- Los subsistemas terrestres -- Los fósiles -- Origen de la vida y evolución -- El mundo físico -- Fuerzas y movimientos -- Electricidad -- Magnetismo -- Oscilaciones, vibraciones y ondas -- La temperatura y el calor -- El planeta tierra y el universo -- Estructura y cambios de la materia -- Atomos, tabla periódica y uniones químicas -- Transformaciones físicas y químicas -- Transformaciones físicas -- Transformaciones químicas y nucleares -- Los compuestos químicos y sus reacciones -- Los compuestos inorgánicos -- Los compuestos orgánicos -- La tierra y sus cambios -- Los minerales -- Las rocas -- Los procesos externos -- Los procesos internos -- Riesgos naturales -- La tectónica global -- Recursos naturales -- Imágenes de la superficie terrestre -- La geología de la Argentina -- Medio ambiente y desarrallo -- El organismo humano y la salud -- Composición química y organización del cuerpo humano -- Los seres vivos -- El metabolismo celular y las enzimas -- Nutrición: digestión, respiración, circulación y excreción -- La digestión y el sistema digestivo -- Respiración y sistema respiratorio -- Circulación y sistema circulatorio -- Homeostasis. Excreción y regulación de la temperatura -- Dieta y salud -- Coordinación y control. Sistema nervioso -- Sistema endocrino -- Los sentidos -- Sostén y movimiento -- Reproducción y herencia -- Salud y enfermedad -- Sistema inmunológico | |
| 653 | |a Ciencias naturales | ||
| 653 | |a Ciencias naturales-egb | ||
| 653 | |a Biología | ||
| 700 | 1 | |a Sellés Martínez, José | |
| 700 | 1 | |a Vásquez, Carlos | |
| 700 | 1 | |a Gordillo, Gabriel | |
| 859 | |a CEMS |b BIB. CEMS - 11 de abril |h 574 |i F912 |p 20231.99 |t Ej.1 |v 9º |3 9º | ||
| 859 | |a CEMS |b BIB. CEMS - 11 de abril |h 574 |i F912 |p 26246.11 |t Ej.2 |v 9º |3 9º | ||
